000 00329nam a2200133Ia 4500
008 210716s1988 xx 000 0 und d
041 _aeng
082 _a005.3631 STID
100 _aStivison, Douglas S.
245 _aTurbo pascal library.
260 _aNew Delhi
_bBPB Publications
_c1988
300 _axx,221
650 _aNone
999 _c181897
_d181897